| 000 | 00341nam a2200133Ia 4500 | ||
|---|---|---|---|
| 005 | 20260328101516.0 | ||
| 008 | 260328s9999||||xx |||||||||||||| ||und|| | ||
| 100 | _aMaycock, A. | ||
| 245 | 0 |
_aGreat St. Mary's : _b The University church / _cA. Maycock |
|
| 260 | _bCambridge | ||
| 300 | _a21 p. | ||
| 650 | _aARQUITECTURA GÓTICA | ||
| 942 | _cBK | ||
| 999 |
_c9382 _d9382 |
||